[Event "FRA-chT2 1011"]
[Site "France"]
[Date "2010.11.14"]
[Round "3.5"]
[White "Large, Laurent"]
[Black "Le Clezio, Sylvain"]
[Result "1-0"]
[WhiteElo "2242"]
[BlackElo "2040"]
[PlyCount "57"]
[EventDate "2010.10.17"]
[EventType "team-tourn"]
[EventRounds "11"]
[EventCountry "FRA"]
[SourceTitle "EXT 2012"]
[Source "ChessBase"]
[SourceDate "2011.11.24"]
[SourceVersion "1"]
[SourceVersionDate "2011.11.24"]
[SourceQuality "1"]

1. d4 Nf6 2. Bg5 Ne4 3. Bf4 g6 4. f3 Nf6 5. e4 d6 6. Nc3 c6 7. Qd2 b5 8. 0-0-0 b4 9. Nce2 Qa5 10. Kb1 Nbd7 11. Nc1 e5 12. dxe5 dxe5 13. Bg5 Rb8 14. Bc4 Ba6 15. Bxa6 Qxa6 16. g4 Qb7 17. h4 h5 18. gxh5 Rxh5 19. Nge2 c5 20. Ng3 Rh7 21. f4 c4 22. fxe5 c3 23. Qf4 cxb2 24. Nb3 Nh5 25. Nxh5 Rxh5 26. e6 fxe6 27. Rxd7 Qxd7 28. Qxb8+ Kf7 29. Rf1+ 1-0

[Event "Rouen op"]
[Site "Rouen"]
[Date "2009.12.19"]
[Round "1"]
[White "Le Clezio, Sylvain"]
[Black "Libiszewski, Fabien"]
[Result "1/2-1/2"]
[WhiteElo "2043"]
[BlackElo "2518"]
[PlyCount "79"]
[EventDate "2009.12.19"]
[EventType "swiss"]
[EventRounds "7"]
[EventCountry "FRA"]
[SourceTitle "EXT 2011"]
[Source "ChessBase"]
[SourceDate "2010.11.26"]
[SourceVersion "1"]
[SourceVersionDate "2010.11.26"]
[SourceQuality "1"]

1. e4 e6 2. d4 d5 3. Nc3 Nf6 4. Bg5 Bb4 5. e5 h6 6. Bd2 Bxc3 7. bxc3 Ne4 8. Qg4 g6 9. h4 c5 10. Bd3 Nxd2 11. Kxd2 c4 12. Be2 Nd7 13. f4 Rg8 14. Nf3 Qe7 15. a3 f5 16. Qg3 Nf8 17. Qf2 Bd7 18. Nh2 0-0-0 19. g3 g5 20. Bh5 gxh4 21. gxh4 Be8 22. Be2 Rd7 23. Nf1 Qd8 24. Ne3 Rdg7 25. Rh2 Nd7 26. Rg2 Rxg2 27. Nxg2 Nb6 28. Ne3 Na4 29. Nd1 Qe7 30. Ne3 Qd8 31. Nd1 Qc7 32. Ne3 Qa5 33. Nd1 b5 34. Bf3 Qd8 35. Ne3 Qa5 36. Nd1 Rg7 37. Be2 Qd8 38. Bf3 Qe7 39. Ne3 Bf7 40. Bxd5 1/2-1/2

[Event "Rohde op 06th"]
[Site "Sautron"]
[Date "2006.10.31"]
[Round "5"]
[White "Crouan, Stephane"]
[Black "Le Clezio, Sylvain"]
[Result "1-0"]
[WhiteElo "2224"]
[BlackElo "2004"]
[PlyCount "139"]
[EventDate "2006.10.28"]
[EventType "swiss"]
[EventRounds "9"]
[EventCountry "FRA"]
[SourceTitle "EXT 2007"]
[Source "ChessBase"]
[SourceDate "2006.11.23"]
[SourceVersion "1"]
[SourceVersionDate "2006.11.23"]
[SourceQuality "1"]

1. e4 d5 2. exd5 Qxd5 3. Nc3 Qa5 4. d4 Nf6 5. Nf3 Bf5 6. Ne5 c6 7. Bd3 Bg6 8. 0-0 e6 9. Bf4 Be7 10. Re1 0-0 11. Bxg6 hxg6 12. Qd3 Nd5 13. Nxd5 cxd5 14. Re3 Nc6 15. Rh3 Rac8 16. Qe3 Nxe5 17. Bxe5 f6 18. Bd6 Rf7 19. Bxe7 Rxe7 20. Qd3 Kf7 21. Rg3 g5 22. c3 Qc7 23. Qf3 Qf4 24. Qh5+ Kg8 25. Rh3 Ree8 26. Re3 Qf5 27. Rae1 Re7 28. Rh3 Rce8 29. Rhe3 Qh7 30. Qe2 Kf7 31. b3 Qh4 32. Qd3 Rd7 33. Qb5 Rc7 34. a4 Qf4 35. g3 Qf5 36. c4 Rd8 37. Rxe6 Qxe6 38. Rxe6 Kxe6 39. c5 Rdd7 40. b4 Kf7 41. Qd3 b6 42. Qf5 bxc5 43. bxc5 Rd8 44. Qb1 Rdd7 45. Qa2 Ke6 46. a5 Kf5 47. Qc2+ Ke6 48. a6 Rc6 49. Qa4 Rcc7 50. Kg2 Rc8 51. Qb5 Rdc7 52. Kf3 Rd7 53. Kg4 Rdc7 54. h4 gxh4 55. gxh4 g6 56. Qe2+ Kf7 57. Qf3 Rd7 58. Qb3 Ke6 59. Qe3+ Kf7 60. Qb3 Ke6 61. Kf4 Rh7 62. Qh3+ f5 63. Qe3+ Kf7 64. Kg3 Re8 65. Qb3 Ke6 66. Qb5 Rc8 67. Qe2+ Kd7 68. Qe5 Kc6 69. Qe6+ Kc7 70. Qd6# 1-0

[Event "Rohde op 06th"]
[Site "Sautron"]
[Date "2006.10.29"]
[Round "2"]
[White "Le Clezio, Sylvain"]
[Black "Melnikova, Yana"]
[Result "0-1"]
[WhiteElo "2004"]
[BlackElo "2295"]
[PlyCount "80"]
[EventDate "2006.10.28"]
[EventType "swiss"]
[EventRounds "9"]
[EventCountry "FRA"]
[SourceTitle "EXT 2007"]
[Source "ChessBase"]
[SourceDate "2006.11.23"]
[SourceVersion "1"]
[SourceVersionDate "2006.11.23"]
[SourceQuality "1"]

1. Nc3 c5 2. e4 e6 3. Nge2 Nc6 4. g3 Nf6 5. Bg2 d5 6. exd5 exd5 7. d4 cxd4 8. Nxd4 Bg4 9. Qd3 Be7 10. 0-0 0-0 11. Bf4 Qd7 12. Rfe1 Rad8 13. a3 Bc5 14. Be5 Bxd4 15. Bxd4 Bf5 16. Qd2 Nxd4 17. Qxd4 Bxc2 18. Qxa7 d4 19. Ne4 Nxe4 20. Bxe4 d3 21. Rf1 Rfe8 22. Qxb7 Qd4 23. Bf3 Rb8 24. Qc6 Qxb2 25. a4 d2 26. Kg2 Rbc8 27. Qd5 Red8 28. Qg5 h6 29. Qh4 Rd4 30. Qh3 Rcd8 31. Rad1 Rxa4 32. Qh5 Bxd1 33. Rxd1 Ra1 34. Qg4 Rxd1 35. Bxd1 Qd4 36. Qe2 Qd5+ 37. Kg1 Qd7 38. Kg2 Re8 39. Qf3 Re1 40. h3 Qe6 0-1

[Event "FRA-ch op-B"]
[Site "Chartres"]
[Date "2005.08.17"]
[Round "2"]
[White "Le Clezio, Sylvain"]
[Black "Ferrier, David"]
[Result "1/2-1/2"]
[WhiteElo "1883"]
[BlackElo "1989"]
[PlyCount "86"]
[EventDate "2005.08.15"]
[EventType "swiss"]
[EventRounds "11"]
[EventCountry "FRA"]
[SourceTitle "EXT 2006"]
[Source "ChessBase"]
[SourceDate "2005.11.24"]
[SourceVersion "1"]
[SourceVersionDate "2005.11.24"]
[SourceQuality "1"]

1. e4 c5 2. Nc3 e6 3. f4 a6 4. g3 Nc6 5. Bg2 Qc7 6. d3 d6 7. Nf3 b5 8. 0-0 Bb7 9. d4 cxd4 10. Nxd4 Nxd4 11. Qxd4 d5 12. Be3 b4 13. Na4 Nf6 14. Nc5 Bc6 15. h3 Bb5 16. Rfd1 Rc8 17. Nd3 dxe4 18. Nf2 Nd5 19. Bxe4 Nxe3 20. Qxe3 Bc5 21. Qf3 0-0 22. Rd2 Qb6 23. Rad1 Rfd8 24. Rxd8+ Rxd8 25. Rxd8+ Qxd8 26. Bd3 Bxd3 27. Qxd3 Qxd3 28. cxd3 Bd4 29. b3 Kf8 30. Kg2 f5 31. Kf3 Ke7 32. g4 Kd6 33. Nh1 g6 34. Ng3 Kd5 35. Ne2 Bc5 36. Kg2 h6 37. gxf5 gxf5 38. Kf3 h5 39. Kg3 Be7 40. Kg2 h4 41. Kf3 Bc5 42. Kg2 Bd4 43. Kf3 a5 1/2-1/2

[Event "FRA-ch op-B"]
[Site "Chartres"]
[Date "2005.??.??"]
[Round "8"]
[White "Le Clezio, Sylvain"]
[Black "Deleva, Mathias"]
[Result "1-0"]
[WhiteElo "1883"]
[BlackElo "1990"]
[PlyCount "47"]
[EventDate "2005.08.15"]
[EventType "swiss"]
[EventRounds "11"]
[EventCountry "FRA"]
[SourceTitle "EXT 2006"]
[Source "ChessBase"]
[SourceDate "2005.11.24"]
[SourceVersion "1"]
[SourceVersionDate "2005.11.24"]
[SourceQuality "1"]

1. e4 e6 2. d4 d5 3. Nc3 Nf6 4. Bg5 Bb4 5. e5 h6 6. Bd2 Bxc3 7. bxc3 Ne4 8. Qg4 g6 9. h4 c5 10. Bd3 Nxd2 11. Kxd2 Nc6 12. Nf3 Ne7 13. Qf4 Bd7 14. h5 c4 15. hxg6 fxg6 16. Rxh6 Rg8 17. Ng5 Nf5 18. Bxf5 exf5 19. Nh7 Rg7 20. Nf6+ Kf7 21. Qh4 Be6 22. Rh1 Rc8 23. Rh7 Qf8 24. Qg5 1-0

[Event "Dieppe op 3rd"]
[Site "Dieppe"]
[Date "2002.07.29"]
[Round "3"]
[White "Depyl, Pascal"]
[Black "Le Clezio, Sylvain"]
[Result "1-0"]
[WhiteElo "2185"]
[BlackElo "1790"]
[PlyCount "79"]
[EventDate "2002.??.??"]
[EventType "swiss"]
[EventRounds "9"]
[EventCountry "FRA"]
[SourceTitle "EXT 2005"]
[Source "ChessBase"]
[SourceDate "2004.11.15"]
[SourceVersion "1"]
[SourceVersionDate "2004.11.15"]
[SourceQuality "1"]

1. d4 f5 2. Qd3 g6 3. e4 fxe4 4. Qxe4 Nf6 5. Qh4 Nc6 6. Bg5 d5 7. Nc3 Bf5 8. 0-0-0 Bg7 9. f3 h6 10. Be3 g5 11. Qf2 Qd7 12. g4 Bg6 13. h4 gxh4 14. Rxh4 0-0-0 15. Nh3 Rdf8 16. Nf4 Bf7 17. Bh3 e6 18. Nd3 Qe7 19. Bf1 Bg6 20. Nf4 Bf7 21. Bb5 Nh7 22. Bxc6 bxc6 23. Rhh1 Ng5 24. Qe2 Qb4 25. Nd3 Qa5 26. Nc5 e5 27. Nb3 Qb4 28. dxe5 Ne6 29. f4 Nxf4 30. Qa6+ Kd8 31. Rd4 Qb6 32. Qxb6 Nd3+ 33. Rxd3 cxb6 34. Re1 c5 35. Nxc5 bxc5 36. Bxc5 Re8 37. Bd6 Be6 38. Nxd5 Bxd5 39. Rxd5 Rhg8 40. Re4 1-0